Lo que usted siempre ha querido saber sobre educación y no se ha atrevido a preguntar (Record no. 75544)

MARC details
000 -CABECERA
campo de control de longitud fija 00818nab a2200253 ab4500
005 - FECHA Y HORA DE LA ÚLTIMA TRANSACCIÓN
campo de control 20260415064205.0
008 - ELEMENTOS DE LONGITUD FIJA--INFORMACIÓN GENERAL
campo de control de longitud fija 991125d1995 mx fr p 000 spa d
003 - IDENTIFICADOR DEL NÚMERO DE CONTROL
campo de control
035 ## - NÚMERO DE CONTROL DEL SISTEMA
Número de control de sistema UPN01000095526
040 ## - FUENTE DE LA CATALOGACIÓN
Centro catalogador/agencia de origen MX-MxUPN
Lengua de catalogación spa
Centro/agencia transcriptor MX-MxUPN
Normas de descripción aacr
100 1# - ASIENTO PRINCIPAL--NOMBRE PERSONAL
Nombre de persona Rugarcía Torres, Armando,
Fechas asociadas al nombre 1947-
9 (RLIN) 29615
245 1# - MENCIÓN DE TÍTULO
Título Lo que usted siempre ha querido saber sobre educación y no se ha atrevido a preguntar
650 04 - ASIENTO SECUNDARIO DE MATERIA - TERMINO TEMATICO
Término de materia o nombre geográfico como elemento de entrada Calidad de la educación
9 (RLIN) 4684
650 04 - ASIENTO SECUNDARIO DE MATERIA - TERMINO TEMATICO
Término de materia o nombre geográfico como elemento de entrada Educación moral
9 (RLIN) 1396
650 04 - ASIENTO SECUNDARIO DE MATERIA - TERMINO TEMATICO
Término de materia o nombre geográfico como elemento de entrada Evaluación educativa
9 (RLIN) 4298
653 0# - TERMINO DE INDIZACION - NO CONTROLADO
Término no controlado Interdisciplinariedad
653 0# - TERMINO DE INDIZACION - NO CONTROLADO
Término no controlado Práctica docente
650 04 - ASIENTO SECUNDARIO DE MATERIA - TERMINO TEMATICO
Término de materia o nombre geográfico como elemento de entrada Técnicas de enseñanza
9 (RLIN) 5713
773 ## - ENLACE AL DOCUMENTO FUENTE/ENTRADA DE REGISTRO ANFITRIÓN
Parte(s) relacionada(s) Vol. 4, no. 9, (1995), p. 7-21
Título Magistralis
Número Internacional Normalizado para Publicaciones Seriadas 0188-6770
902 ## - ELEMENTOS DE DATOS B LOCAL, LDB (RLIN)
Creó Lorena Izquierdo/271125
904 ## - ELEMENTOS DE DATOS D LOCAL, LDD (RLIN)
a AC
b 033337
905 ## - TIPO DE MATERIAL
Tipo de material Articulo
942 ## - ELEMENTOS DE PUNTO DE ACCESO ADICIONAL (KOHA)
Tipo de ítem Koha Artículo Impreso
Holdings
Estado de retiro Estado de pérdida Estado dañado No para préstamo Código de colección Localización permanente Ubicación/localización actual Ubicación en estantería Fecha de adquisición Total de préstamos Fecha visto por última vez Precio válido a partir de Tipo de ítem Koha
      Disponible (Préstamo en sala) Revistas Bib. Gregorio Torres Quintero Bib. Gregorio Torres Quintero Hemeroteca Sótano 27/11/2025   27/11/2025 27/11/2025 Artículo Impreso